Tilastot visalle Sanat - "Katson autiota hiekkarantaa" - Katri Helena

Klikkaa tästä pelataksesi tätä visaa!

Yleistilastot

  • Tätä visaa on pelattu 86 kertaa
  • Keskiarvotulos 86 / 154

Vastaustilastot

Sanat% Oikein
Katson
100%
autiota
98%
hiekkarantaa
98%
kantaa
91%
91%
kauas
84%
vain
77%
Se
75%
se
75%
Sen
75%
Ajatukseni
74%
olla
70%
sain
68%
sain,
68%
mun
67%
kahden
65%
kanssas
65%
kerran
65%
on
65%
rantakahvilaan
61%
Taas
60%
antaa
56%
suljetaan
56%
vanhaan
56%
ennen
54%
puoltayötä
54%
saavun
54%
minä
53%
lämmin
51%
liian
51%
oli
51%
ehkä
49%
seuranain
49%
sinun
49%
kun
46%
lempeämmin
46%
46%
muisto
46%
Täällä
46%
Iltatuuli
44%
Meri
42%
Päivä
42%
kuin
39%
lasta
37%
kuiske
35%
Mulle
35%
mulle
35%
Nyt
35%
yksin
35%
ei
33%
muistot
33%
Muistot
33%
silloin
33%
laulaa
32%
kauneimmat
30%
minun
30%
saavuin
28%
vaahtoaa
28%
niin,
25%
mua
23%
muitakaan
23%
kaunis
21%
Miks
21%
Näin
21%
onnekkain
21%
suudeltiin
21%
kannoit
19%
olen
19%
rinnallain
19%
vielä
19%
kevyesti
18%
lämmön
18%
liiku
18%
Tämä
18%
tänne
18%
istumaan
16%
jolla
16%
myöhään
16%
yhä
16%
Yhtä
16%
aivan
14%
ensimmäinen,
14%
matkani
14%
yksinäinen
14%
jolloin
11%
oisit
11%
Ikään
9%
nytkin
9%
Kesäpäivän,
7%

Tulosjakauma

Persentiili vastausten määrän mukaan

Jokaisen tuloksen saaneiden osuus

Tuloshistoriasi

Et ole pelannut tätä visaa